| 000 | 01957cam a2200325 a 4500 | ||
|---|---|---|---|
| 999 |
_c17906 _d17906 |
||
| 001 | 15955213 | ||
| 005 | 20161130085827.0 | ||
| 008 | 091021s2010 nyua b 001 0 eng | ||
| 010 | _a 2009044555 | ||
| 015 |
_aGBB012383 _2bnb |
||
| 016 | 7 |
_a015479342 _2Uk |
|
| 020 | _a9781581156751 (pbk.) | ||
| 020 | _a1581156758 | ||
| 035 | _a(OCoLC)ocn422759285 | ||
| 040 |
_aDLC _cDLC _dBTCTA _dYDXCP _dUKM _dC#P _dCDX _dDLC |
||
| 050 | 0 | 0 |
_aNK2116 _b.I59 2010 |
| 100 | _aedited by Coleman,Cindy | ||
| 245 | 0 | 0 |
_aInterior design practice / _cedited by Cindy Coleman. |
| 260 |
_aNew York : _bAllworth Press : _bInterior Design, _c2010. |
||
| 300 |
_a251 p. : _bill. ; _c23 cm. |
||
| 504 | _aIncludes bibliographical references and index. | ||
| 505 | 0 | _aBackground. Evolution of the profession -- Growing a profession -- Legislation issues -- The regulatory organization -- The legal environment -- The work process. Scope of service matrix -- Pre-design services -- Programming for change -- Schematic design : communicating the design spirit -- Design development : designing the project -- Contract documents and working drawings -- Contract administration : getting started -- Management issues. Managing the marketing process -- Financial management -- Goals of project management -- Managing the client relationship. | |
| 650 | 0 |
_aInterior decoration _xPractice. |
|
| 700 | 1 | _aColeman, Cindy. | |
| 856 | 4 | 2 |
_3Contributor biographical information _uhttp://www.loc.gov/catdir/enhancements/fy1012/2009044555-b.html |
| 856 | 4 | 2 |
_3Publisher description _uhttp://www.loc.gov/catdir/enhancements/fy1012/2009044555-d.html |
| 942 |
_2lcc _cBOOKS _hNK2116 .I59 2010 |
||